[Event "Berlin Spandau op"]
[Site "Berlin"]
[Date "2019.12.27"]
[Round "2"]
[White "Baier, Reinhard"]
[Black "Niering, Martin"]
[Result "1/2-1/2"]
[WhiteElo "1935"]
[BlackElo "2218"]
[PlyCount "82"]
[EventDate "2019.12.27"]
[EventType "swiss"]
[EventRounds "7"]
[EventCountry "GER"]
[SourceTitle "CBM 194 Extra"]
[Source "ChessBase"]
[SourceDate "2020.03.31"]
[SourceVersion "1"]
[SourceVersionDate "2020.03.31"]
[SourceQuality "1"]

1. e4 e6 2. d4 d5 3. Nc3 Nf6 4. e5 Nfd7 5. f4 c5 6. Nf3 Nc6 7. Ne2 b5 8. dxc5 Bxc5 9. Ned4 Nxd4 10. Nxd4 Nxe5 11. Bxb5+ Nd7 12. 0-0 Qb6 13. Bxd7+ Bxd7 14. c3 0-0 15. Kh1 f6 16. a4 a5 17. Nb3 Be7 18. Rf3 Rab8 19. c4 Be8 20. Rc3 dxc4 21. Be3 Qb4 22. Nd4 Qxb2 23. Rxc4 Bh5 24. Qc1 Rfe8 25. Nc6 Qxc1+ 26. Raxc1 Ba3 27. Ra1 Rb3 28. Bc5 Bb2 29. Nxa5 Rc3 30. Rb1 Be2 31. Rxc3 Bxc3 32. Nc6 e5 33. fxe5 Bxe5 34. a5 Bd3 35. Re1 Kf7 36. Nxe5+ fxe5 37. Kg1 e4 38. Kf2 Rc8 39. Rc1 Ke6 40. Ke3 Kd5 41. Ba3 Rxc1 1/2-1/2

[Event "Berlin Spandau op 2nd"]
[Site "Berlin"]
[Date "2016.12.30"]
[Round "7"]
[White "Schulz, Michael"]
[Black "Baier, Reinhard"]
[Result "1-0"]
[WhiteElo "2141"]
[BlackElo "1967"]
[PlyCount "101"]
[EventDate "2016.12.27"]
[EventType "swiss"]
[EventRounds "7"]
[EventCountry "GER"]
[SourceTitle "CBM 176 Extra"]
[Source "ChessBase"]
[SourceDate "2017.03.02"]
[SourceVersion "1"]
[SourceVersionDate "2017.03.02"]
[SourceQuality "1"]

1. d4 d5 2. Bg5 Nf6 3. Bxf6 gxf6 4. e3 Bf5 5. Bd3 Bg6 6. Ne2 e5 7. Ng3 e4 8. Be2 f5 9. c4 dxc4 10. Bxc4 c6 11. h4 h6 12. h5 Bh7 13. Nc3 Bd6 14. Nge2 b5 15. Bb3 a5 16. a4 b4 17. Nb1 Nd7 18. Nd2 Rc8 19. Nc4 Nf6 20. Rc1 Bc7 21. g3 Nd5 22. Ne5 Bxe5 23. dxe5 0-0 24. Bxd5 Qxd5 25. Qxd5 cxd5 26. Kd2 Rc4 27. b3 Rcc8 28. Nd4 f6 29. e6 Rfe8 30. Nc6 Kf8 31. Nxa5 Ke7 32. Rc6 Rxc6 33. Nxc6+ Kxe6 34. Nxb4 Rb8 35. Kc3 d4+ 36. exd4 f4 37. d5+ Kd6 38. gxf4 Bg8 39. Rd1 Bf7 40. Rd4 Rc8+ 41. Rc4 Rxc4+ 42. bxc4 Bxh5 43. Kd4 Bf3 44. a5 h5 45. a6 Kc7 46. c5 h4 47. d6+ Kd7 48. a7 e3 49. fxe3 Ba8 50. Nd5 h3 51. Nxf6+ 1-0

[Event "Berlin Spandau op 1st"]
[Site "Berlin"]
[Date "2015.12.27"]
[Round "2"]
[White "Mischuk, Dmitry"]
[Black "Baier, Reinhard"]
[Result "1/2-1/2"]
[WhiteElo "2332"]
[BlackElo "1971"]
[PlyCount "131"]
[EventDate "2015.12.27"]
[EventType "swiss"]
[EventRounds "7"]
[EventCountry "GER"]
[SourceTitle "EXT 2022"]
[Source "ChessBase"]
[SourceDate "2021.10.06"]
[SourceVersion "1"]
[SourceVersionDate "2021.10.06"]
[SourceQuality "1"]

1. e4 c5 2. Nf3 d6 3. d4 cxd4 4. Nxd4 Nf6 5. Nc3 g6 6. Be2 Bg7 7. 0-0 0-0 8. Re1 Nc6 9. Nb3 a6 10. Bf1 b5 11. Nd5 Bb7 12. Bg5 Nxd5 13. exd5 Ne5 14. a4 Qd7 15. f4 f6 16. Bh4 Nc4 17. Bxc4 bxc4 18. Na5 Rac8 19. f5 Rc5 20. Nxb7 Qxb7 21. fxg6 hxg6 22. Qg4 Qxd5 23. Rxe7 Qf5 24. Qd4 Qd5 25. Qe3 Rb8 26. Rxg7+ Kxg7 27. Qe7+ Qf7 28. Bxf6+ Kg8 29. Qxd6 Rbc8 30. Rf1 R5c6 31. Qe7 Qxe7 32. Bxe7 Re8 33. Bb4 Re2 34. Rf2 Rce6 35. Bc3 Rxf2 36. Kxf2 Kf7 37. Kf3 g5 38. b4 cxb3 39. cxb3 Kg6 40. b4 Kf5 41. g4+ Kg6 42. Bd2 Re8 43. Be3 Re6 44. b5 axb5 45. axb5 Re5 46. b6 Kf7 47. Bf2 Rb5 48. Ke4 Ke6 49. Kd4 Kd6 50. Kc3 Kc6 51. Be3 Re5 52. Kd4 Rb5 53. Ke4 Kd7 54. Bf2 Ke6 55. Kd3 Kd5 56. Kc3 Kc6 57. Be3 Re5 58. Bd4 Re4 59. h3 Rf4 60. Kd3 Rf3+ 61. Ke4 Rxh3 62. Kf5 Rd3 63. Bf6 Kxb6 64. Bxg5 Rg3 65. Bf4 Rxg4 66. Kxg4 1/2-1/2

[Event "Berlin Lichtenberger op 8th"]
[Site "Berlin"]
[Date "2009.08.22"]
[Round "8"]
[White "Baier, Reinhard"]
[Black "Lerch, Philipp"]
[Result "0-1"]
[WhiteElo "2089"]
[BlackElo "1905"]
[PlyCount "58"]
[EventDate "2009.08.15"]
[EventType "swiss"]
[EventRounds "9"]
[EventCountry "GER"]
[SourceTitle "CBM 131 Extra"]
[Source "ChessBase"]
[SourceDate "2009.09.03"]
[SourceVersion "2"]
[SourceVersionDate "2009.09.16"]
[SourceQuality "1"]

1. e4 c5 2. Nf3 Nc6 3. d4 cxd4 4. Nxd4 Nf6 5. f3 Qb6 6. Nb3 g6 7. c4 d6 8. Nc3 Bg7 9. Nd5 Nxd5 10. cxd5 Nd4 11. Bd3 0-0 12. Nxd4 Bxd4 13. Qe2 Bd7 14. h4 e6 15. dxe6 Bxe6 16. Kf1 Rfe8 17. h5 d5 18. hxg6 fxg6 19. g4 Rf8 20. Qg2 dxe4 21. Bxe4 Bc4+ 22. Ke1 Rae8 23. Qh3 Rf7 24. Rh2 Bg1 25. Rg2 Bf2+ 26. Kd1 Rd7+ 27. Kc2 Rc8 28. Kb1 Bd3+ 29. Bxd3 Rxc1+ 0-1

[Event "Berlin Lichtenberger op 8th"]
[Site "Berlin"]
[Date "2009.08.16"]
[Round "3"]
[White "Herrmann, Eberhard"]
[Black "Baier, Reinhard"]
[Result "1-0"]
[WhiteElo "1827"]
[BlackElo "2089"]
[PlyCount "91"]
[EventDate "2009.08.15"]
[EventType "swiss"]
[EventRounds "9"]
[EventCountry "GER"]
[SourceTitle "CBM 131 Extra"]
[Source "ChessBase"]
[SourceDate "2009.09.03"]
[SourceVersion "2"]
[SourceVersionDate "2009.09.16"]
[SourceQuality "1"]

1. e4 c5 2. Nf3 d6 3. Bc4 Nf6 4. d3 g6 5. 0-0 Bg7 6. h3 a6 7. a4 Nc6 8. Be3 0-0 9. c3 b6 10. Nbd2 Bb7 11. Re1 Qc7 12. Bb3 b5 13. Rc1 Na5 14. Ba2 c4 15. b4 cxb3 16. Nxb3 bxa4 17. Nbd4 e5 18. Ne2 Bc6 19. c4 Rfb8 20. Nc3 Rb2 21. Ra1 Nb3 22. Bxb3 axb3 23. Ra3 Qb7 24. Nd2 Rb8 25. Qa1 Rxd2 26. Bxd2 b2 27. Qa2 Nd7 28. Be3 Qb4 29. Rb1 Nc5 30. Bxc5 dxc5 31. Nd1 Qe1+ 32. Kh2 Bh6 33. Rb3 Rxb3 34. Qxb3 Bf4+ 35. g3 Bc1 36. Qc2 Qa5 37. Nxb2 Bd2 38. Nd1 Bb4 39. Qb2 Qc7 40. Ne3 a5 41. Ng4 a4 42. Nxe5 a3 43. Qa1 Ba4 44. Ng4 h5 45. Nf6+ Kf8 46. Nd5 1-0

[Event "Berlin Lichtenberger Sommer 3th"]
[Site "Berlin"]
[Date "2004.08.18"]
[Round "5.23"]
[White "Baier, Reinhard"]
[Black "Brameyer, Hermann"]
[Result "0-1"]
[WhiteElo "1936"]
[BlackElo "2204"]
[PlyCount "88"]
[EventDate "2004.08.14"]
[EventType "swiss"]
[EventRounds "9"]
[EventCountry "GER"]
[SourceTitle "EXT 2022"]
[Source "ChessBase"]
[SourceDate "2021.10.06"]
[SourceVersion "1"]
[SourceVersionDate "2021.10.06"]
[SourceQuality "1"]

1. e4 c5 2. Nf3 e6 3. d4 cxd4 4. Nxd4 Nc6 5. Be3 Nf6 6. Bd3 d5 7. exd5 Nxd5 8. Nxc6 bxc6 9. Bd2 Qb6 10. Qc1 Rb8 11. Bc4 Qd4 12. Bxd5 cxd5 13. Be3 Qxb2 14. Qxb2 Rxb2 15. Bxa7 Rxc2 16. Kd1 Rc7 17. Bd4 Rc4 18. Bb2 Bd7 19. Nd2 Ba4+ 20. Ke2 Rc2 21. Rhb1 Bd6 22. Bd4 0-0 23. Rb6 Bc7 24. Rb2 Rxb2 25. Bxb2 Rb8 26. Bc3 e5 27. Rc1 Bd6 28. Nb3 f6 29. Rb1 d4 30. Bd2 h5 31. h4 Kf7 32. g3 e4 33. Bc1 Bb5+ 34. Kd1 Bd3 35. Ra1 e3 36. fxe3 dxe3 37. Bxe3 Bxg3 38. Kd2 Bf5 39. Rf1 Rd8+ 40. Kc1 Be6 41. Kb2 Rd3 42. Bf4 Bh3 43. Nc1 Bxf1 44. Nxd3 Bxh4 0-1

[Event "Berlin Casino sim"]
[Site "Berlin"]
[Date "2001.11.10"]
[Round "?"]
[White "Kortschnoj, Viktor Lvovich"]
[Black "Baier, Reinhard"]
[Result "1-0"]
[WhiteElo "2617"]
[BlackElo "1899"]
[PlyCount "49"]
[EventDate "2001.11.10"]
[EventType "simul"]
[EventRounds "1"]
[EventCountry "GER"]
[SourceTitle "EXT 2008"]
[Source "ChessBase"]
[SourceDate "2007.11.25"]
[SourceVersion "1"]
[SourceVersionDate "2007.11.25"]
[SourceQuality "1"]

1. d4 d5 2. c4 c6 3. Nf3 g6 4. Nc3 Bg7 5. cxd5 cxd5 6. Bf4 Nc6 7. e3 Nf6 8. h3 0-0 9. Bd3 a6 10. Rc1 e6 11. 0-0 Qe7 12. Na4 Nd7 13. a3 f6 14. Bg3 Kh8 15. e4 Qf7 16. exd5 exd5 17. Re1 Bh6 18. Rc2 f5 19. Bd6 Re8 20. Rxe8+ Qxe8 21. Re2 Qf7 22. Qe1 b5 23. Nb6 Nxb6 24. Re8+ Kg7 25. Be5+ 1-0